MARC

LEADER 00000nam0a2200000 4500
001 57962
005 20231101211712.0
035 |a (RuTPU)RU\TPU\book\61189 
035 |a RU\TPU\book\61188 
090 |a 57962 
100 |a 20031119d1975 km y0rusy50 ca 
101 0 |a rus 
102 |a UA 
105 |a a g 001zy 
200 1 |a Малогабаритная радиоаппаратура  |e справочник радиолюбителя  |f Р. М. Терещук, К. М. Терещук, С. А. Седов и др. 
205 |a 3-е изд., перераб. и доп. 
210 |a Киев  |c Наука думка  |d 1975 
215 |a 557 с.  |c ил. 
320 |a Библиогр.: с. 557-558. 
606 1 |a Радиоаппаратура малогабаритная  |2 stltpush  |3 (RuTPU)RU\TPU\subj\22491  |9 47242 
610 1 |a радиоматериалы 
610 1 |a радиодетали 
610 1 |a полупроводниковые приборы 
610 1 |a микрофоны 
610 1 |a громкоговорители 
610 1 |a радиоприемные устройства 
610 1 |a радиопередающие устройства 
610 1 |a антенные устройства 
610 1 |a магнитофоны 
610 1 |a радиоустановки 
610 1 |a электропитание 
610 1 |a микроминиатюризация 
610 1 |a любительские конструкции 
610 1 |a справочники 
675 |a 621.396.6-181.4(035)  |v 3 
701 1 |a Терещук  |b Р. М.  |g Ромуальд Михайлович 
701 1 |a Терещук  |b К. М.  |g Константин Михайлович 
701 1 |a Седов  |b С. А.  |g Сергей Алексеевич 
701 1 |a Чаплинский  |b А. Б.  |g Абрам Борисович 
701 1 |a Фукс  |b Л. Б.  |g Лев Бенционович 
801 1 |a RU  |b 63413507  |c 20031119  |g PSBO 
801 2 |a RU  |b 63413507  |c 20220113  |g PSBO 
942 |c BK